Minicomputer software / (Record no. 180404)
[ view plain ]
| 000 -LEADER | |
|---|---|
| fixed length control field | 01033 a2200229 4500 |
| 003 - CONTROL NUMBER IDENTIFIER | |
| control field | Nust |
| 005 - DATE AND TIME OF LATEST TRANSACTION | |
| control field | 20220819084229.0 |
| 010 ## - LIBRARY OF CONGRESS CONTROL NUMBER | |
| LC control number | 76001936 |
| 020 ## - INTERNATIONAL STANDARD BOOK NUMBER | |
| International Standard Book Number | 0720404371 (American Elsevier) |
| 040 ## - CATALOGING SOURCE | |
| Transcribing agency | Nust |
| 082 00 - DEWEY DECIMAL CLASSIFICATION NUMBER | |
| Classification number | 005.24,MIN |
| 245 10 - TITLE STATEMENT | |
| Title | Minicomputer software / |
| Statement of responsibility, etc. | edited by James R. Bell and C. Gordon Bell |
| 260 ## - PUBLICATION, DISTRIBUTION, ETC. | |
| Place of publication, distribution, etc. | Amsterdam ; |
| -- | New York : |
| Name of publisher, distributor, etc. | North-Holland Pub. Co. ; |
| Place of publication, distribution, etc. | New York : |
| Name of publisher, distributor, etc. | distributors for the U.S.A. and Canada, American Elsevier Pub. Co., |
| Date of publication, distribution, etc. | 1976. |
| 300 ## - PHYSICAL DESCRIPTION | |
| Extent | xiii, 333 p. : |
| Other physical details | ill. ; |
| Dimensions | 23 cm. |
| 505 ## - FORMATTED CONTENTS NOTE | |
| Formatted contents note | Introduction and overview (Page-1), Production tools 1 system programming language (Page-13), Multi programming and multiprocessing issues 1 (Page-39). |
| 650 #0 - SUBJECT ADDED ENTRY--TOPICAL TERM | |
| Topical term or geographic name entry element | Minicomputers |
| General subdivision | Programming |
| -- | Congresses. |
| 9 (RLIN) | 98156 |
| 650 #0 - SUBJECT ADDED ENTRY--TOPICAL TERM | |
| Topical term or geographic name entry element | Programming languages (Electronic computers) |
| 9 (RLIN) | 3683 |
| 700 1# - ADDED ENTRY--PERSONAL NAME | |
| Personal name | Bell, C. Gordon. |
| 9 (RLIN) | 98157 |
| 700 1# - ADDED ENTRY--PERSONAL NAME | |
| Personal name | Bell, James R., |
| Dates associated with a name | 1942- |
| 9 (RLIN) | 98158 |
| 710 2# - ADDED ENTRY--CORPORATE NAME | |
| Corporate name or jurisdiction name as entry element | International Federation for Information Processing. |
| Subordinate unit | Technical Committee 2. |
| 9 (RLIN) | 98159 |
| 942 ## - ADDED ENTRY ELEMENTS (KOHA) | |
| Source of classification or shelving scheme | |
| Koha item type | Book |
| Call number prefix | 005.24,MIN |
| Withdrawn status | Lost status | Source of classification or shelving scheme | Damaged status | Not for loan | Permanent Location | Current Location | Shelving location | Date acquired | Full call number | Barcode | Date last seen | Price effective from | Koha item type | Public note |
|---|---|---|---|---|---|---|---|---|---|---|---|---|---|---|
| Military College of Signals (MCS) | Military College of Signals (MCS) | General Stacks | 12/12/2016 | 005.24,MIN | MCS2528 | 12/08/2016 | 12/12/2016 | Book | Almirah No.5, Shelf No.4 |
